US states named after a person - Statistics

General Stats
  • This quiz has been taken 2,974 times
  • The average score is 9 of 11
Answer Stats
State Person % Correct
Washington George Washington
98%
Virginia Elizabeth I of England
93%
Georgia George II of Great Britain
89%
North Carolina Charles I of England
86%
South Carolina Charles I of England
86%
West Virginia Elizabeth I of England
84%
Pennsylvania William Penn
83%
Louisiana Louis XIV of France
82%
Maryland Henrietta Maria
82%
Delaware Thomas West, Baron De La Warr
72%
New York James II of England, Duke of York
64%
No matching quizzes found
Score Distribution
Percent of People with Each Score
Percentile by Number Answered
Your Score History
You have not taken this quiz